| 000 | 00900nam a22002897a 4500 | ||
|---|---|---|---|
| 003 | CHAP | ||
| 005 | 20220817041421.0 | ||
| 008 | 971013s1985 r 00010 d | ||
| 010 | _a13839 | ||
| 011 | _a14811 | ||
| 035 | _a18885 | ||
| 040 | _cCHAP | ||
| 090 | _aFolleto 10612 | ||
| 100 | 0 | 0 |
_aHeredia Zepeda, Adalberto. _953722 |
| 245 | _aGuía para cultivar ajo en el Bajío | ||
| 260 |
_aCelaya, Gto. : _bINIA. Campo Agrícola Experimental El Bajío, _c1985 |
||
| 300 |
_a16 p. _b: ilus. |
||
| 490 |
_aFolleto para productores _v; 17 |
||
| 590 |
_aBATCH-UPD _b10 _c20130110 _lUCH01 _h1553 |
||
| 590 |
_aCONVERSION _b10 _c20130109 _lUCH01 _h1309 |
||
| 650 | 1 | 4 |
_aAjo _xGuanajuato. _93193 |
| 830 | 0 |
_aFolleto para productores _v; 17 |
|
| 901 | _aBK | ||
| 942 | _cFOLL | ||
| 949 |
_aFolleto 10612 _bBC _cFOLL _d-43860 _eTS1 _i18885 _si |
||
| 949 |
_aFolleto 10612 _bBC _cFOLL _d188852 _eTS2 _fc.2 _i18885 _si |
||
| 999 |
_c13839 _d13839 |
||